Bailey & Love's Essential Operations in Oral & Maxillofacial Surgery (Record no. 26812)

MARC details
000 -LEADER
fixed length control field 00393nam a22001577a 4500
003 - CONTROL NUMBER IDENTIFIER
control field SGT
020 ## - INTERNATIONAL STANDARD BOOK NUMBER
International Standard Book Number 9781032752914
082 ## - DEWEY DECIMAL CLASSIFICATION NUMBER
Classification number 617.525
Item number B24B
100 ## - MAIN ENTRY--PERSONAL NAME
Personal name Brennah, Peter A.
245 ## - TITLE STATEMENT
Title Bailey & Love's Essential Operations in Oral & Maxillofacial Surgery
250 ## - EDITION STATEMENT
Edition statement 1st
260 ## - PUBLICATION, DISTRIBUTION, ETC. (IMPRINT)
Name of publisher, distributor, etc CRC Press
Year of Publication 2024
300 ## - PAGE DESCRIPTION
No. of Pages 578
650 ## - SUBJECT ADDED ENTRY--TOPICAL TERM
Topical term or geographic name as entry element Oral & Maxillofacial Surgery
942 ## - ADDED ENTRY ELEMENTS (KOHA)
Source of classification or shelving scheme Dewey Decimal Classification
Koha item type Books
Holdings
Withdrawn status Lost status Source of classification or shelving scheme Damaged status Use restrictions Not for loan Home library Current library Shelving location Date acquired Vendor Name Cost, normal purchase price SGTU Bill Number Total Checkouts Full call number Accession No. (Barcode) Date last seen Bill Date Koha item type
    Dewey Decimal Classification   Restricted Access Not For Loan SGT Dental Library SGT Dental Library Reference Book 22/08/2024 Ahuja Book Co. Pvt. Ltd. 5484.00 SGTU 19153   617.525 B24B FD9451 22/08/2024   Books
    Dewey Decimal Classification   Restricted Access Not For Loan SGT Dental Library SGT Dental Library Reference Book 22/08/2024 Ahuja Book Co. Pvt. Ltd. 5484.00 SGTU 19153   617.525 B24B FD9452 22/08/2024   Books